The noble scholar, jurist, historian


 His Excellency Dr. Abdul Wahhab bin Ibrahim Abu Sulaiman, may Allah have mercy on him.


 He was born in Umm Al-Qura in the year 1356 AH.

إلى ابنتي شيرين / (Record no. 3089)

MARC details
000 -LEADER
fixed length control field 01103cam a2200289 i 4500
003 - CONTROL NUMBER IDENTIFIER
control field SA-RiAUC
005 - DATE AND TIME OF LATEST TRANSACTION
control field 20241207105834.0
008 - FIXED-LENGTH DATA ELEMENTS--GENERAL INFORMATION
fixed length control field 241205s1980 su g 0000i ara c
040 ## - CATALOGING SOURCE
Original cataloging agency SA-RiAUC
Language of cataloging ara
Transcribing agency SA-RiAUC
Description conventions rda
050 #4 - LIBRARY OF CONGRESS CALL NUMBER
Item number I43 1980
082 04 - DEWEY DECIMAL CLASSIFICATION NUMBER
Classification number 081
Assigning agency SA-RiAUC
090 ## - LOCALLY ASSIGNED LC-TYPE CALL NUMBER (OCLC); LOCAL CALL NUMBER (RLIN)
Classification number (OCLC) (R) ; Classification number, CALL (RLIN) (NR) 081
Local cutter number (OCLC) ; Book number/undivided call number, CALL (RLIN) ش ح ا
100 1# - MAIN ENTRY--PERSONAL NAME
Personal name شحاتة، حمزة محمد نور،
Dates associated with a name 1328-1393 هجري
Relator term مؤلف.
245 10 - TITLE STATEMENT
Title إلى ابنتي شيرين /
Statement of responsibility, etc. حمزة محمد نور شحاتة.
250 ## - EDITION STATEMENT
Edition statement الطبعة الأولى.
264 #1 - PRODUCTION, PUBLICATION, DISTRIBUTION, MANUFACTURE, AND COPYRIGHT NOTICE
Place of production, publication, distribution, manufacture جدة، السعودية :
Name of producer, publisher, distributor, manufacturer تهامة،
Date of production, publication, distribution, manufacture, or copyright notice 1980
300 ## - PHYSICAL DESCRIPTION
Extent أ-د، 216 صفحة ؛
Dimensions 23 سم.
336 ## - CONTENT TYPE
Content type term نص
Content type code txt
Source rdacontent
Materials specified كتاب
337 ## - MEDIA TYPE
Media type term بدون وسيط
Media type code n
Source rdamedia
338 ## - CARRIER TYPE
Carrier type term مجلد
Carrier type code nc
Source rdacarrier
440 #2 - SERIES STATEMENT/ADDED ENTRY--TITLE
Title الكتاب العربي السعودي
Volume/sequential designation 12
600 ## - SUBJECT ADDED ENTRY--PERSONAL NAME
Personal name المقالات العربية
650 #7 - SUBJECT ADDED ENTRY--TOPICAL TERM
Topical term or geographic name entry element الرسائل العربية
Geographic subdivision السعودية
Chronological subdivision قرن 14 هجري
Source of heading or term aucsh
830 #2 - SERIES ADDED ENTRY--UNIFORM TITLE
Uniform title الكتاب العربي السعودي
Volume/sequential designation 12
942 ## - ADDED ENTRY ELEMENTS (KOHA)
Source of classification or shelving scheme Dewey Decimal Classification
Koha item type Books
Suppress in OPAC No
949 ## - LOCAL PROCESSING INFORMATION (OCLC)
a SA-JeALM
d 241205
u osman123
n 1
Holdings
Withdrawn status Lost status Source of classification or shelving scheme Damaged status Not for loan Home library Current library Date acquired Total checkouts Full call number Barcode Date last seen Price effective from Koha item type
    Dewey Decimal Classification     DR AbdElwahab Library DR AbdElwahab Library 12/07/2024   081 ش ح ا 000004992 12/07/2024 12/07/2024 Books
    Dewey Decimal Classification     DR AbdElwahab Library DR AbdElwahab Library 03/25/2025   081 ش ح ا 000011160 03/25/2025 03/25/2025 Books